logo

Bir Sreshtho Munshi Abdur Rouf Library
Jhenaidah Cadet College

Statistical digest of East Pakistan. (Record no. 8200)

MARC details
000 -LEADER
fixed length control field 00803nas a2200277 a 4500
001 - CONTROL NUMBER
JCCL Control Number 8200
003 - CONTROL NUMBER IDENTIFIER
JCCL marc code BD - JhCC
005 - DATE AND TIME OF LATEST TRANSACTION
control field 20180627104344.0
008 - FIXED-LENGTH DATA ELEMENTS--GENERAL INFORMATION
fixed length control field 920213d19631969bg ar p s0 a0engdd
022 ## - INTERNATIONAL STANDARD SERIAL NUMBER
International Standard Serial Number 0424-1185
035 ## - SYSTEM CONTROL NUMBER
system control number (BD - JhCC)8200
035 ## - SYSTEM CONTROL NUMBER
system control number PITT NO. 2625000007
040 ## - CATALOGING SOURCE
Original cataloging agency PIT
Transcribing agency PIT
Modifying agency YUS
-- COO
-- BD - JhCC
041 ## - LANGUAGE CODE
Language code of Book eng
082 ## - DEWEY DECIMAL CLASSIFICATION NUMBER
Author mark and Year STA 1969
Classification number 954
090 ## - LOCALLY ASSIGNED LC-TYPE CALL NUMBER (OCLC); LOCAL CALL NUMBER (OCLC)
Classification number (OCLC) (R) ; Classification number, CALL (RLIN) (NR) HA1730.8
Local cutter number (OCLC) ; Book number/undivided call number, CALL (RLIN) .A25
245 00 - TITLE STATEMENT
Title Statistical digest of East Pakistan.
260 ## - PUBLICATION, DISTRIBUTION, ETC. (IMPRINT)
Place of publication, distribution, etc Dacca :
Name of publisher, distributor, etc East Pakistan Bureau of Statistics,
Date of publication, distribution, etc [1964-1971]
300 ## - PHYSICAL DESCRIPTION
Pagination 6 v. ;
Dimensions 14-19 cm.
500 ## - GENERAL NOTE
General note 1969 (surrogate)
651 #0 - SUBJECT ADDED ENTRY--GEOGRAPHIC NAME
Geographic name Bangladesh
Form subdivision Statistics
-- Periodicals.
710 1# - ADDED ENTRY--CORPORATE NAME
Corporate name or jurisdiction name as entry element East Pakistan (Pakistan).
Subordinate unit Bureau of Statistics.
785 00 - SUCCEEDING ENTRY
Title Statistical digest of Bangladesh.
942 ## - ADDED ENTRY ELEMENTS (KOHA)
Source of classification or shelving scheme Dewey Decimal Classification
Koha item type Books
Holdings
Source of classification or shelving scheme Damaged status Not for loan Home library Current library Shelving location Total Checkouts Full call number Barcode Date last seen Copy number Koha item type
Dewey Decimal Classification     JCC Rouf Library JCC Rouf Library General Stacks   954 STA 1969 8585 02/19/2018 C - 1 Books

JCC Library | Contacts | JCC Home

Last Update on 23 September 2017
Copyright @ 2017-2020 JCC Rouf Library
Rouf Library, Jhenidah Cadet College (JCC), Bangladesh